| 000 | 00348nam a2200145Ia 4500 | ||
|---|---|---|---|
| 100 | _aMaxwell/John C | ||
| 650 | _aGeneral | ||
| 942 | _cBK | ||
| 654 | _atomorrow | ||
| 245 | _aToday matters:12 daily practices to guarantee tomorrow ''''s success | ||
| 260 |
_bWarner Books _c2004 |
||
| 082 |
_a658.406 _bMAX |
||
| 300 | _a312 | ||
| 546 | _aENGLISH | ||
| 999 |
_c31516 _d31516 |
||